000 01604nam a2200409 a 4500
001 ebr10497485
003 CaPaEBR
006 m u
007 cr cn|||||||||
008 110512s2011 enk sb 001 0 eng d
010 _z 2011015337
020 _z9781409403845 (hardback : alk. paper)
020 _z9781409403852 (pbk)
020 _z9781409403838 (e-book)
040 _aCaPaEBR
_cCaPaEBR
035 _a(OCoLC)757821347
050 1 4 _aGF90
_b.H69 2011eb
082 0 4 _a304.2
_223
100 1 _aHoward, Peter,
_d1944-
245 1 3 _aAn introduction to landscape
_h[electronic resource] /
_cPeter J. Howard.
260 _aFarnham, Surrey, England ;
_aBurlington, Vt. :
_bAshgate,
_cc2011.
300 _axii, 309 p.
504 _aIncludes bibliographical references and index.
505 0 _apt. 1. What is landscape? -- pt. 2. How is landscape perceived? -- pt. 3. What is the future?.
533 _aElectronic reproduction.
_bPalo Alto, Calif. :
_cebrary,
_d2011.
_nAvailable via World Wide Web.
_nAccess may be limited to ebrary affiliated libraries.
650 0 _aLandscape assessment.
650 0 _aLandscapes
_vCross-cultural studies.
650 0 _aLandscape protection.
650 0 _aCultural property
_xProtection.
650 0 _aEnvironmental management.
650 0 _aHuman geography.
650 0 _aNature (Aesthetics)
650 0 _aNational characteristics.
655 7 _aElectronic books.
_2local
710 2 _aebrary, Inc.
856 4 0 _uhttp://site.ebrary.com/lib/rucke/Doc?id=10497485
_zAn electronic book accessible through the World Wide Web; click to view
999 _c231828
_d231828